Eight years of their lives: through schooling to the labour market in Chile

Uloženo v:
Podrobná bibliografie
Hlavní autoři: Schiefelbein F., Ernesto (Autor), Farrell, Joseph P (Autor)
Médium: Kniha
Jazyk:angličtina
Vydáno: Ottawa IDRC 1982
Témata:
Tagy: Přidat tag
Žádné tagy, Buďte první, kdo vytvoří štítek k tomuto záznamu!

MARC

LEADER 00000nam a2200000 a 4500
001 UCX9310
003 CL-VaPUC
008 940531e19820000CN |||||||||||||||||eng|d
082 0 4 |a 370.115  |b SCH  |2 21 
100 0 |a Schiefelbein F., Ernesto  |e author  |9 326686 
700 0 |a Farrell, Joseph P  |e author  |9 326687 
245 1 0 |a Eight years of their lives: through schooling to the labour market in Chile 
300 |a 207 p 
942 |c BK 
945 |d 19940531 00:00:00  |a rbrito 
260 |a Ottawa  |b IDRC  |c 1982 
650 0 |a Educación  |9 258661 
650 0 |a Sociología de la educación   |9 260380 
651 7 |a CHILE  |2 CL-VaPUC  |9 326688 
583 |a last modification  |c 19940531 00:00:00  |k Rodrigo Vera 
999 |c 228588  |d 228586 
952 |0 0  |1 0  |4 0  |6 370_115000000000000_SCH_1982  |7 0  |8 A  |9 228842  |a BIBEDU  |b BIBEDU  |d 2019-11-15  |i 2966581  |o 370.115 SCH 1982  |p 2966581  |r 2019-11-15  |w 2019-11-15  |y BK  |k EDU